[Event "Yongchuan zt 3.3"]
[Site "Yongchuan"]
[Date "2003.07.23"]
[Round "11"]
[White "Wang, Rui"]
[Black "Zhang, Zhong"]
[Result "0-1"]
[WhiteElo "2481"]
[BlackElo "2658"]
[Annotator "Golod,V"]
[PlyCount "56"]
[EventDate "2003.07.11"]
[EventType "tourn"]
[EventRounds "11"]
[EventCountry "CHN"]
[EventCategory "12"]
[SourceTitle "CBM 097"]
[Source "ChessBase"]
[SourceDate "2003.11.11"]
[SourceVersion "1"]
[SourceVersionDate "2003.11.11"]
[SourceQuality "1"]

1. d4 Nf6 2. c4 e6 3. Nc3 Bb4 4. Qc2 c5 5. dxc5 O-O 6. a3 Bxc5 7. Nf3 Be7 8.
Bf4 Nh5 9. Bg3 $6 {Rare and not so successful continuation.On this line you
can find only three games in Mega DataBase 2003.In my opinion,it was better to
keep the bishop.  Comments to this part of the game(6-8 moves)} ({and also:} 9.
Bd2 $5 {you can find in annotations to game: Atalik,S-Taimanov,M/Lviv,2000/CBM
77(1/2-1/2)(Golod,V)(58)}) 9... Nc6 ({Once were checked in the preceding games:
} 9... d6 $5 10. e3 a6 11. Be2 Nxg3 12. hxg3 h6 13. O-O Nd7 14. Rfd1 Qc7 $11 {
Bensdorp,M-Michiels,B/Hengelo,2003(0-1)(47)}) ({and} 9... f5 $5 10. e3 b6 11.
O-O-O (11. Be2 $5 {/\0-0}) 11... Nc6 12. Nb5 Ba6 13. Bc7 Qc8 14. Bd6 Nf6 $13 {
Arlandi,E-Milos,G/Copenhagen,1982(0-1)(33)}) 10. e3 h6 $5 {Preventive move:
><h7(/\Nxg3). It became already clear,that Black have decided all opening
problems.} ({Senselessly:} 10... f5 $6 11. Rd1 (11. Be2 $5) 11... Nxg3 $140 12.
hxg3 $14) 11. Be2 (11. Rd1 $5 {and White keep two opportunities of development
of the his bishop: "Bd3" or "Be2".}) 11... Nxg3 12. hxg3 b6 13. O-O Bb7 $11 14.
Rfd1 ({Is a possible continuation of the play:} 14. b4 $5 {/\Rab1}) 14... d6
$146 ({The game,which have reached this position were continued as follows:} 
14... a6 $5 {[%csl Ya6][%cal Ya6b5]} 15. Rd2 Qc7 16. Rc1 Rfd8 17. Qd1 Rac8 18.
Na4 Nb8 $11 {Sumets,A-Gushpit,I/Sevastopol,2000(1-0)48)}) 15. Rac1 $6 {The a
little bit sample decision.} ({It deserves attention:} 15. Rd2 {/\Rad1,b4,Qb3})
15... Qb8 {[%cal Yb8d6] ><d6} 16. Bd3 (16. b4 $142 {/\Qb3}) 16... Rc8 17. b4 ({
It was dubiously:} 17. Bh7+ Kh8 18. Be4 {because of:} a6 19. b4 $140 b5 $36 {
[%csl Ga8,Rc2]}) 17... a6 18. Qb3 Ra7 19. Bb1 {Absolutely not clearly: than
position of the White's bishop on point "b1" is better, in comparison with
position on point "e2" ?} Ba8 $1 {[%cal Ya7c7] /\Rac7<->c The game of Black
corresponds to the requirements of a position.} 20. Qc2 (20. Rd2 $5 Rac7 21.
Bd3 {[%cal Yc1d1,Yd3f1]}) 20... g6 21. Qb3 {White continue to play without the
concrete plan.} Rac7 $15 22. Ne4 $2 ({Can be recommended:} 22. Bd3 {[%csl Yb3,
Yc4,Yd3]}) 22... d5 $1 {All Black's pieces have occupied ideal positions and
are ready to opening a position.} 23. cxd5 $6 ({It was much better:} 23. Ned2
dxc4 24. Rxc4 (24. Nxc4 $4 b5 25. Nb2 (25. Ncd2 Nd4 {[%csl Rb3,Rc1,Rg1][%cal
Gd4b3,Gc7c1,Gd4e2]}) 25... Nd4 $19 {[%csl Rb3,Rc1][%cal Gc7c1,Gd4b3]}) 24... b5
25. Rc2 a5 {[%csl Ra3,Rb4]} 26. bxa5 Nxa5 27. Qb2 Nc4 $1 {=/+/-/+}) 23... Nd4
$17 24. Nxd4 $2 {White obviously have lost a "string of game".} ({It was
necessary:} 24. Rxc7 Nxb3 $8 25. Rxe7 Rd8 $1 (25... exd5 $2 26. Ne5 $1 {
[%csl Rf7,Rg8][%cal Ge4f6]} dxe4 $140 27. Nd7 {[%csl Rb8,Rg8]} Rc1 $1 (27...
Rd8 $4 28. Bc2 {[%csl Rb3,Rb8][%cal Gc2b3,Yc2d1]} Qc8 29. Bxb3 $18 {[%csl Rf7,
Rg8]}) 28. Rxc1 $8 Qd8 (28... Qd6 $6 29. Re8+ Kg7 {[%csl Rc1,Rd7]} 30. Rcc8 $8
{[%csl Rg7][%cal Ge8g8]} (30. Re1 $2 Bc6 {[%csl Rd7,Re8]}) 30... Qxd7 31. Rg8+
(31. Red8 $2 Qb5 32. Rxa8 Nc1 $40 {[%csl Rg1][%cal Gc1e2,Gb5h5]}) 31... Kf6 32.
Rgd8 Qa4 33. Rxa8 Qxa3 {[%csl Rb1,Rb4,Rg1][%cal Ga3c1,Ga3b4]} 34. Bxe4 Qxb4 35.
Bd5 $36) 29. Re8+ (29. Nf6+ Kg7 30. Ne8+ Kf8 31. Rcc7 Qxe7 32. Rxe7 Kxe7 33.
Nc7 Bb7 34. Ba2 Nd2 $11) 29... Qxe8 30. Nf6+ Kf8 31. Nxe8 Nxc1 $11) 26. d6 Bxe4
27. Bxe4 Rxd6 $17) 24... Rxc1 25. dxe6 (25. Nc6 Rxd1+ 26. Qxd1 Bxc6 27. dxc6
Rxc6 $19) 25... Bd5 $1 {[%csl Rd1]} 26. exf7+ Bxf7 $2 ({Immediately wins a
game the following move:} 26... Kh8 $1 {[%csl Rg1]} 27. Qxd5 $140 (27. Qd3 Bxe4
{[%csl Gc1,Rd1,Yd3,Ge4][%cal Ge4d3,Yd3d1]}) 27... Rxd1+ 28. Kh2 Rcc1 {[%csl
Rh2][%cal Gd1h1]} 29. Kh3 h5 $1 $19 {[%csl Gb8,Rh3,Yh5][%cal Yh5g4,Gd1h1,Gb8g3]
}) 27. Qd3 Qe5 28. Bc2 $2 {White did not use discrepancy of the contender.It's
already decisive mistake.} (28. g4 $17) 28... R8xc2 ({After:} 28... R8xc2 {
[%csl Re4] White resigns,because of next variant:} 29. Nxc2 Rxd1+ 30. Qxd1 Qxe4
$19) 0-1

[Event "POL-ch 60th"]
[Site "Warsaw"]
[Date "2003.04.25"]
[Round "4"]
[White "Grabarczyk, Miroslaw"]
[Black "Macieja, Bartlomiej"]
[Result "0-1"]
[WhiteElo "2508"]
[BlackElo "2634"]
[Annotator "Golod,V"]
[PlyCount "84"]
[EventDate "2003.04.22"]
[EventType "tourn"]
[EventRounds "13"]
[EventCountry "POL"]
[EventCategory "12"]
[SourceTitle "CBM 095"]
[Source "ChessBase"]
[SourceDate "2003.07.25"]
[SourceVersion "1"]
[SourceVersionDate "2003.07.25"]
[SourceQuality "1"]

1. d4 Nf6 2. c4 e6 3. Nc3 Bb4 4. Qc2 c5 5. dxc5 O-O 6. Nf3 $6 (6. a3 {It's
main line.See comments to Gershon,A-Macieja,B/Bermuda,2003/CBM 94(1-0)(Golod,V)
(62)}) 6... Na6 {Now Black has time for this move.} 7. a3 {Besides White has
three principales options: 7.g3; 7.Bd2 and 7.e3.} Bxc3+ 8. Qxc3 Nxc5 9. Bg5 {
[%mdl 4] Rare and not so successful continuation.} ({It's more popular:} 9. b4
{See comments to Lamprecht,F-Reddmann,H/Hamburg,1997(0-1)(Reddmann)(28)}) ({and
} 9. e3 $5 {See comments to Hertneck,G-Lutz,C/Munich,1994/CBM 42(1/2-1/2)
(Ftacnik,L)(23)}) 9... Nfe4 ({I do not think that it was better:} 9... Nce4)
10. Bxd8 (10. Qe3 $6 Nxg5 11. Nxg5 d6 {and the position of Black as a minimum
is not worse.}) 10... Nxc3 11. Be7 Nb3 {It became already clear,that Black
have decided all opening problems.} 12. Bxf8 ({Leads to favourable
complications for Black:} 12. bxc3 $2 Nxa1 13. Nd2 (13. Bxf8 $142 Kxf8 {
[%cal Ya1c2,Ya1b3]}) 13... Re8 14. Bd6 e5 15. Kd1 b6 $17 {[%csl Rd6][%cal
Ge8e6]}) 12... Kxf8 $1 {[%csl Ra1] This move is much better,than:} (12... Nxa1
$6 13. Be7 Na4 14. Kd2 $1 {[%csl Ra1,Ra4]} Nxb2 15. e4 Na4 16. Nd4 $14 {
[%csl Ra1,Yd4]}) 13. Rd1 Nxd1 14. Kxd1 a5 $1 {Differently,White equalizes a
position:} (14... d5 15. e3) ({or} 14... b6 15. Nd2 $11) 15. e3 ({It deserves
attention:} 15. Nd2 Nc5 (15... Nxd2 16. Kxd2 $11) 16. e4 $11) ({It was checked
in the previous game:} 15. Kc2 a4 16. e3 b6 17. Nd4 Nc5 18. f3 Ba6 19. Kc3 $11
{Janisch,R-Schroecker,H/AUT,1996(1-0)(32)}) 15... a4 16. Nd2 $6 {Now it was
illogically to do this move.} ({Can be recommended:} 16. Bd3) 16... Nc5 17. Be2
d6 $5 {=/=/+ Position of Black more preferably at the expense of the best pawn
chain.} (17... b6 $143 18. Kc2 (18. Bf3 $5) 18... Ba6 19. Rc1 Rc8 20. Kd1 {
=/=/+ Schulz,K-Lau,R/Bad Neuenahr,1987(0-1)(41)}) 18. Kc2 e5 $5 $146 {[%cal
Yc8h3] /^c8-h3} ({It was checked up in previous game of Bartlomiej Macieja:} 
18... Bd7 19. f3 f5 20. Rc1 $6 (20. Kc3 $5 {/\e4}) 20... Ke7 21. Kb1 Bc6 $15 {
Ovod,E-Macieja,B/St.Petersburg,1997(1/2-1/2)(82)}) 19. g4 {[%csl Yc4,Yg4]
White too early have begun to build a fortress .} Bd7 20. Rd1 Re8 {[%cal Ye8e6,
Ye6h6] Black translate a rook on more active position.} 21. Nb1 {[%csl Rd6]
[%cal Gb1c3,Gc3d5]} Re6 22. Nc3 ({From my point of view,it was better:} 22. h4
Rg6 (22... Rf6 23. f3) 23. g5 Bf5+ 24. Kd2 {[%cal Yd2e1]} Ne4+ 25. Ke1 h6 26.
f4 $1 {[%csl Ye3,Yf4,Yg5,Yh4]}) 22... Rh6 23. h4 $2 {Absolutely unjustified
sacrifice of the pawn.} (23. h3 $142 $15 {[%csl Rd6]}) 23... Rxh4 {[%csl Rg4]}
24. f3 (24. Rxd6 Bxg4 $17) 24... e4 $1 $17 {[%csl Yf3,Rg4][%cal Ge4f3,Yf3g4]
Black perfectly use weakness of the king side of White.} 25. fxe4 Bxg4 26. Bxg4
Rxg4 27. Rxd6 Nxe4 28. Nxe4 Rxe4 29. Kd3 Re6 30. Rd8+ ({Hardly is better:} 30.
Rd4 {[%csl Ra4][%cal Gc4c5]} g5 {[%cal Gh7h5,Gh5h4]}) 30... Ke7 31. Ra8 Ra6 $1
32. Rh8 ({After:} 32. Rxa6 bxa6 {[%csl Gf7,Gg7,Gh7] Black has a easy win in
the pawns endgame.}) 32... h6 33. c5 Rc6 $19 34. Rb8 (34. Kd4 $144 b6 {[%csl
Rb2]} 35. Ra8 (35. cxb6 Rxb6 {[%csl Rb2]} 36. Kc3 g5 37. Ra8 Rb3+ {[%csl Rb2,
Re3]}) 35... Rxc5 36. Rxa4 g5 $19) 34... Rxc5 35. Rxb7+ Kf6 36. Ra7 Rb5 {
[%csl Rb2]} 37. Kc2 h5 38. Rxa4 g5 {[%csl Gf7,Gg5,Gh5][%cal Gh5h4] The PP on
the king side easily win a game.} 39. b4 h4 40. Ra6+ Kg7 41. Rd6 ({Nothing
changes,after:} 41. Kd3 g4 42. Ke2 h3 43. Kf2 h2 44. Kg2 Rh5 45. Kh1 g3 {
[%csl Gh2][%cal Gg3g2]}) 41... h3 42. Rd1 g4 {[%csl Gg4,Gh3][%cal Gh3h2,Gg4g3]
Further resistance is impossible.} 0-1

[Event "Bermuda-A"]
[Site "Bermuda"]
[Date "2003.01.25"]
[Round "1"]
[White "Gershon, Alik"]
[Black "Macieja, Bartlomiej"]
[Result "1-0"]
[WhiteElo "2571"]
[BlackElo "2629"]
[Annotator "Golod,V"]
[PlyCount "123"]
[EventDate "2003.01.25"]
[EventType "tourn"]
[EventRounds "11"]
[EventCountry "BER"]
[EventCategory "15"]
[SourceTitle "CBM 094"]
[Source "ChessBase"]
[SourceDate "2003.05.26"]
[SourceVersion "1"]
[SourceVersionDate "2003.05.26"]
[SourceQuality "1"]

1. d4 Nf6 2. c4 e6 3. Nc3 Bb4 4. Qc2 c5 5. dxc5 O-O 6. a3 Bxc5 7. Nf3 b6 8. Bf4
Nh5 9. Bg3 Be7 {Besides black has two options:} (9... Bb7 $5 {See comments to
Sokolov,I-Macieja,B/Reykjavik,2003/CBM 94 (1/2-1/2)(Golod,V)(26)}) ({and} 9...
f5 $5 {See comments to Karpov,A-Gelfand,B/Monaco,2000/CBM 76 (0-1)(Golod,V)(53)
}) 10. e3 Bb7 11. Be2 ({After:} 11. Rd1 h6 12. Bd3 {Black easily equalizes:}
Nc6 13. Bh7+ Kh8 14. Be4 Qc8 15. O-O Na5 16. Bxb7 Qxb7 17. Qa4 Nf6 18. Nb5 Ne4
$11 {Sokolov,I-Zvjaginsev,V/Poikovsky,2002(1/2-1/2)(22)}) 11... h6 12. Rd1 a6
$146 {There is no necessarity to spend a tempo for this move. It's better at
once:} (12... Nc6 {You can see comments to Sasikiran,K-Barsov,A/Hastings,2003/
CBM 93(1/2-1/2)(Golod,V)(27)}) 13. Rd2 {[%csl Yd1] Alik Gershon prepares a
point "d1" for Q or R.} Nxg3 14. hxg3 d6 ({Can it was necessary to take under
the control ><e4:} 14... f5) 15. Ne4 $1 {[%csl Rd6,Rg8][%cal Gg3g4,Gg4g5]} Bxe4
(15... Qc7 $2 {is refuted by:} 16. Neg5 {[%csl Rg8]} Bxg5 17. Nxg5 Rc8 18. Qh7+
Kf8 19. Nf3 $16 {[%csl Rg7][%cal Gh7h8]}) 16. Qxe4 $14 Nd7 ({Impossibly:} 16...
Ra7 $2 {because of:} 17. Bd3 g6 18. Rxh6 $18) 17. Nd4 d5 $6 ({Can be
recommended:} 17... Nc5 18. Qg4 {[%csl Rg8][%cal Gh1h6]} f5 19. Qf3 $14) 18.
cxd5 Nf6 19. Qd3 Nxd5 $6 (19... Qxd5 $2 20. Bf3 {[%csl Ra8,Rd5]}) ({From my
point of view it was a much better:} 19... exd5 20. Bf3 Qd7 21. O-O $14) 20. e4
Nf6 (20... Nc7 $143 21. Nc6 Qe8 $8 22. Qd7 Bd8 23. O-O {[%csl Rc7,Rd8]}) 21. e5
Nh7 {It's the best place for the knight. It confirms the following variants:} (
21... Nd5 22. Bd1 {[%csl Gd1,Gd3,Rg8][%cal Gd1c2]}) (21... Nd7 22. Nxe6 $1 (22.
Nc6 Nc5 23. Qxd8 Bxd8 24. b4 $16) 22... fxe6 23. Qxd7 Qxd7 24. Rxd7 {+/-/+-})
22. Nc6 $16 Qe8 (22... Qc7 $144 23. Qd7 Qxd7 24. Rxd7 {transfers to 22..Qe8.})
23. Qd7 Qxd7 24. Rxd7 Bd8 25. O-O {[%csl Rd8][%cal Gf1d1]} Rc8 {There is no
other defence:} (25... b5 26. Rfd1 Bb6 27. Bf3 {[%csl Ra8][%cal Gc6e7]} Kh8 28.
Rb7 Bd8 (28... Bc5 $2 29. b4 {[%csl Rc5]}) 29. Rxf7 $1 Rxf7 30. Nxd8 Rxf3 31.
gxf3 Nf8 32. Rd6 $18) 26. Na7 {Alik Gershon has not counted on this move.
Leads to an easy win:} (26. Rc1 $1 {[%csl Ra6]} b5 (26... a5 $143 27. Ba6 Ra8
28. Bb7 Bg5 29. f4 {[%csl Ra8,Rg5]}) (26... Ra8 $2 27. Rcd1 {[%csl Rd8]}) 27.
Ra7 {[%csl Ra6]}) 26... Rc5 ({It was very dangerously:} 26... Rc7 27. Rfd1 b5
28. R1d6 Rxd7 29. Rxd7 Bb6 30. Nc6 $16) 27. Bf3 ({Hardly better is:} 27. f4 b5
28. Rd6 Rc2 29. Bd3 Rxb2 30. Rxa6 {[%csl Rb5]} b4 31. axb4 Rxb4 32. Nc6 $14)
27... Bg5 28. Bb7 $6 {White has lost the string of the game.} (28. b4 $142 Rc3
(28... Rxe5 $2 29. Nc6 Rf5 30. Rb7 b5 $140 31. Be4 {[%csl Rf5,Rg5][%cal Gf2f4]}
) 29. a4 $14) 28... Rd8 $1 {It is necessary to exchange this active rook.} 29.
Rxd8+ Bxd8 30. Bxa6 $6 ({It deserves attention:} 30. Rd1 Bc7 31. Nc6 Nf8 32. b4
Rc3 33. a4 $14) 30... Rxe5 31. Nc6 $6 {Again is not best decision.At disposal
of white there were three equivalent continuations:} (31. Rd1 Bf6 (31... Rd5 $6
32. Rxd5 exd5 33. Nc6 Bf6 34. b4) 32. b4 {+/=/=}) (31. b4) ({and} 31. Rc1)
31... Rd5 32. Nxd8 $6 {It was better to keep the knight:} (32. a4 $5) 32...
Rxd8 $11 33. Rc1 Nf6 {[%cal Gd8d2]} 34. Rc8 {It was not necessary to hasten
with this exchange.} Rxc8 35. Bxc8 Kf8 36. Kf1 Ke7 37. Bb7 (37. Ke2 $144 Kd6
38. Bb7 {transfers to 37.Bb7}) 37... Kd6 38. Ke2 Nd7 39. b4 {[%csl Ya3,Yb4]
[%cal Ya3a4]} b5 40. Be4 Ne5 41. Bc2 $2 {The my home analysis has shown,that
at once leads to a drawn result:} (41. Bd3 Nxd3 (41... Kc6 42. Be4+ $11 {
[%cal Ye4d3]}) 42. Kxd3 e5 43. Kc3 f5 44. Kb3 e4 45. a4 bxa4+ 46. Kxa4 g5 47.
Kb5 {[%cal Yb5c4]} (47. Kb3 $5 Kd5 48. Kc3 h5 49. b5 Kc5 50. b6 Kxb6 51. Kd4 g4
52. Ke3 (52. Ke5 $4 h4 {[%cal Gh4h3]} 53. gxh4 $140 g3 54. fxg3 e3) 52... Kc5
53. Ke2 $1 (53. Kf4 $4 Kd4 54. Kxf5 Kd3 55. Kf4 Ke2 56. Kxe4 Kxf2 $19) 53...
Kd6 54. Ke3 (54. Kd2 $4 f4 55. gxf4 h4 $19) 54... Ke5 55. Ke2 f4 56. gxf4+ Kxf4
57. g3+ Kf5 58. Kd2 $11) 47... Kd5 $1 48. Ka6 f4 49. gxf4 gxf4 50. b5 e3 {
[%csl Ra6][%cal Ge3f2,Gf2f1]} 51. fxe3 $8 fxe3 52. b6 e2 53. b7 e1=Q 54. b8=Q
Qa1+ 55. Kb7 Qb2+ 56. Kc8 Qxb8+ 57. Kxb8 h5 58. Kc7 Ke6 59. Kd8 $1 {[%csl Rh5]}
h4 60. Ke8 Kf5 61. Kf7 Kg4 62. Kg6 $11) 41... Kd5 42. f4 Nc4 $17 43. a4 ({
After:} 43. Bb3 Kd4 44. a4 bxa4 45. Bxa4 Nd6 {[%csl Rb4][%cal Gd4c4,Gd4c3]
White also lose of the pawn "b4".}) 43... bxa4 44. Bxa4 Kd4 {[%csl Rb4,Yc4,Gd4]
[%cal Yc4d6,Gd4c3]} 45. Bd7 h5 {[%csl Ye6,Rf4,Rg2,Rg3,Yh5] After this progress,
white can exchange pawns on the king side.} ({Is a possible continuation of
the play:} 45... Nd6 $5 $17) 46. Bc6 Nd6 47. Bf3 g6 $2 {Bartlomiej Macieja
thus misses the victory. It was necessary:} (47... Ne4 $1 48. b5 (48. Bxe4 $2
Kxe4 {[%csl Rb4][%cal Ge4d4,Gd4c4]}) 48... Nc3+ 49. Kf2 Nxb5 50. Bxh5 f6 {
[%cal Ge6e5]} 51. Bg6 e5 52. fxe5 fxe5 53. Bh7 e4 54. Ke2 Nc3+ 55. Kd2 Nd5 {
[%csl Rg2][%cal Gd5e3] -/+/-+}) 48. g4 hxg4 (48... h4 49. g5 Kc4 50. Ba8 Kxb4
51. Kf3 {[%csl Rh4][%cal Gf3g4] with good chances to draw.}) 49. Bxg4 Kc4 50.
Ke3 Nf5+ 51. Ke4 (51. Bxf5 $4 gxf5 52. b5 Kxb5 53. Kd4 f6 $19) 51... f6 {
[%csl Yf6]} 52. Bd1 Nd6+ 53. Kf3 Kxb4 54. g4 Kc5 (54... g5 55. fxg5 fxg5 56.
Ke3 Kc4 (56... Kc5 57. Bb3 $1 {/^a2-g8(><d5)}) 57. Bf3 {[%csl Yf3][%cal Yf3a8]
with the idea to not give the Black's king to occupy a field "e5".} (57. Be2+
$4 Kd5 $19 {[%cal Gd5e5,Yd6c8,Yc8e7,Ye7d5]}) 57... Nf7 58. Ke4 $11) 55. Bb3 Nc4
(55... e5 $143 56. Ke3 $1 {[%cal Gg4g5]} g5 57. fxg5 fxg5 58. Kd3 $11) 56. Ba2
Kd4 (56... f5 $143 57. Kg3 Kd4 58. Kh4 $11 {[%cal Gh4g5]}) 57. g5 $1 {[%csl
Rg6]} fxg5 ({Also nothing changes after:} 57... f5 58. Kg3 Nd6 (58... e5 59.
fxe5 Nxe5 60. Kf4) 59. Bxe6 Ke3 60. Bg8 Ne4+ 61. Kh4 Kxf4 62. Bf7 $11) 58. fxg5
$11 Ne5+ 59. Kg3 Nc4 60. Kf3 Kd5 $4 {The improbable and tragical end of the
game.} (60... e5 $4 61. Bxc4 e4+ (61... Kxc4 62. Ke4 $18) 62. Kf4 Kxc4 63. Kxe4
$18) (60... Nd2+ 61. Ke2 Ne4 62. Bxe6 Nxg5 $11) 61. Bxc4+ Kxc4 62. Ke4 1-0

[Event "Asia-ch"]
[Site "Kolkata"]
[Date "2001.08.11"]
[Round "3"]
[White "Nadera, Barlo A"]
[Black "Barsov, Alexei"]
[Result "0-1"]
[WhiteElo "2421"]
[BlackElo "2495"]
[Annotator "Golod,V"]
[PlyCount "78"]
[EventDate "2001.08.09"]
[EventType "swiss"]
[EventRounds "11"]
[EventCountry "IND"]
[SourceTitle "CBM 085"]
[Source "ChessBase"]
[SourceDate "2001.11.13"]
[SourceVersion "1"]
[SourceVersionDate "2001.11.13"]
[SourceQuality "1"]

1. d4 Nf6 2. c4 e6 3. Nc3 Bb4 4. Qc2 c5 5. dxc5 O-O 6. a3 Bxc5 7. Nf3 b6 8. Bg5
({In my opinion better is:} 8. Bf4 $5 {See comments to Agrest,E-Onischuk,A/New
Delhi,2000/CBM 80 (0-1)(Golod,V)(38)}) 8... Bb7 9. e4 h6 10. Bh4 Be7 11. Be2 (
11. Rd1 $5 Nh5 12. Bxe7 Qxe7 13. Qd2 $1 {You can see comments to Shipov,
S-Shneider,A/Port Erin,1999/CBM 74 (1/2-1/2)(Golod,V)(24)}) 11... Nh5 $5 {
Comments to this move you can find in annotations to Sargissian,G-Zvjaginsev,V/
Linares, 2001/CBM 81(0-1)(Golod,V)(58)} 12. Bxe7 Qxe7 13. g3 $6 $146 {[%cal
Rb7h1][%mdl 16384] The not compelled easing /^a8-h1} (13. O-O {(and also
annotations to 13.Qd2!?) You can see in the game: Sargissian,G-Zvjaginsev,V/
Linares, 2001/CBM 81(0-1) (Golod,V)(58)}) 13... Nc6 14. O-O-O $6 {[%mdl 16384]
The very doubtful and dangerous decision. In future,white's king (on queen
side) will get under direct attack(<->c).} ({Can be recommended:} 14. O-O $5)
14... d6 {[%csl Yd6,Ye6] =/=/+ The important preventive move. Now in a
position black are absent of weakness.} (14... Nf6 $143 15. Nb5 {[%csl Rd6]
[%cal Gb5d6]}) 15. Rd2 $6 {[%cal Gh1d1][%mdl 16384] White again will carry out
the mistaken plan.It was necessary to try to exchange the pieces:} (15. Nd4 $5
Nf6 16. Nxc6 Bxc6 17. f4 {=/=/+}) 15... Nf6 16. h3 $6 {The unnecessary
preventive move!} (16. Rhd1 $142 {[%csl Rd6]}) 16... Rac8 {[%csl Rc1,Rc2,Gc8]
[%cal Gc8c1]} 17. Rhd1 Na5 $1 $17 {[%csl Rc4] The strategy of white suffers
complete crash.} 18. Rxd6 ({Also leads to material losses:} 18. e5 Bxf3 19.
exf6 (19. Bxf3 $143 dxe5 $19 {[%csl Rc4]}) (19. exd6 $2 Qb7 {[%csl Yb7][%cal
Yb7f3]}) 19... Qxf6 {[%csl Rc4]} 20. Bxf3 Qxf3 21. Rd3 Qc6 $17) 18... Nxc4 19.
Bxc4 $8 ({Badly:} 19. R6d4 $2 {in view of:} Nxa3 $1 20. bxa3 Qxa3+ {[%csl Rc3]}
21. Kd2 Nxe4+ 22. Rxe4 Bxe4 $19) 19... Rxc4 {[%csl Rc1,Gc4,Re4][%cal Gf6e4,
Gb7e4]} 20. Ne5 (20. R6d4 $143 Bxe4 $1 21. Qd2 Rc5 22. Ne1 $140 e5 $1 23. Rd8 (
23. Rd6 $2 Bd5 {[%csl Rd6]}) 23... Nd5 24. Rxf8+ Qxf8 $19) 20... Bxe4 $1 21.
Nxc4 $2 {White have decided to speed up the end of a game.More stubborn
resistance after:} (21. Qd2 Rc7 {[%csl Rc1][%cal Ge4b1,Ge4h7]} 22. Rd4 Bf5 {
[%cal Gf6e4]} 23. Nd7 e5 24. Nxf6+ Qxf6 25. Rd6 Be6 {-/+/-+}) 21... Bxc2 22.
Kxc2 Rc8 {Alexei Barsov gets a absolutely won position.} 23. Kb3 Rc5 $5 {
[%csl Rd6][%cal Gf6d5]} ({Also good enough:} 23... Qe8 $5 {[%csl Rb3,Yc3][%cal
Gf6d5,Ge8b5,Yc3b5,Yc3d5] with the idea 24...Nd5(><b5).}) 24. f4 Nd5 25. Nxd5 (
25. Ne4 $2 Rxc4 26. Kxc4 f5 $19 {[%csl Rd6,Ye4][%cal Ye4d6]}) 25... exd5 26.
R1xd5 $2 (26. R6xd5 $142 b5 27. Rxc5 Qxc5 28. Nd6 Qe3+ {[%csl Rg3]}) 26... b5
$1 27. Rd8+ (27. Ne5 $2 Rxd5 28. Rxd5 Qe6 {[%csl Rd5]}) 27... Kh7 28. Rxc5 Qxc5
$2 ({Much better is:} 28... bxc4+ 29. Kxc4 Qxd8) 29. Nd2 Qe3+ 30. Kc2 Qxg3 $19
{The rest is the matter of technics.} 31. Rd3 Qxf4 32. b4 f5 33. Nb3 Qh2+ 34.
Kc3 Qa2 35. Rd5 f4 36. Rf5 (36. Rxb5 $144 f3 37. Rf5 f2 38. Nd2 Qe6 39. Rf8 (
39. Rxf2 $2 Qe3+) (39. Rf3 Qc6+ 40. Kd4 Qxf3 41. Nxf3 f1=Q) 39... Qxh3+ 40. Kc2
Qe3 $19 {[%cal Gg7g5,Gg5g4,Gg4g3,Gg3g2]}) 36... Qg2 37. Rxb5 Qxh3+ 38. Kc2 f3
39. Nd2 f2 {[%cal Gf2f1]} 0-1